00702cam a22002291 4500001001300000003000400013005001700017008004100034010001700075035002000092040001800112042001200130050001700142100003100159245002800190260001100218300002300229500007700252504009400329600003200423999001700455sa 67002830 DLC20260227112333.0891013s1963 ii b 000 0 gujo  asa 67002830  a(OCoLC)20488246 aDLCcWaUdDLC apremarc00aB133.H38bK31 aKapadia, Hiralal Rasikdas.10aŚri Haribhadrasūri. c[1963] a27, 376 p.c19 cm. aIn Gujarati; quotations from the works of Haribhadra Sūri in Sanskrit. aBibliographical references included in "saṅketonī samajaṇa"; p. [10]-12 (1st group)00aHaribhadrasūri,d700-770. c73458d73458